|
|
|
|
| LEADER |
00000naa2a2200000 4500 |
| 001 |
175775 |
| 005 |
20231031165144.0 |
| 035 |
|
|
|a (RuTPU)RU\TPU\book\190573
|
| 035 |
|
|
|a RU\TPU\tpu\13535
|
| 090 |
|
|
|a 175775
|
| 100 |
|
|
|a 20100217a1974 k y0rusy50 ca
|
| 101 |
0 |
|
|a rus
|
| 102 |
|
|
|a RU
|
| 200 |
1 |
|
|a Цинк в подземных водах Алмалыкского рудного поля
|f С. Л. Шварцев, В. Б. Адилов, Д. Лян
|
| 320 |
|
|
|a Библиогр.: 5 назв.
|
| 461 |
|
0 |
|0 (RuTPU)RU\TPU\book\190193
|t Научные труды Ташкентского Государственного Университета им. В. Л. Ленина
|f Ташкентский Государственный Университет им. В. Л. Ленина
|d 1967-1976
|
| 463 |
|
0 |
|0 (RuTPU)RU\TPU\book\190317
|t Вып. 470 : Материалы по гидрогеологии
|f под ред. М. М. Крылов
|v с. 67-74
|d 1974
|p 108 с.
|
| 610 |
1 |
|
|a труды учёных ТПУ
|
| 700 |
|
1 |
|a Шварцев
|b С. Л.
|c российский гидрогеолог, доктор геолого-минералогических наук
|c профессор Томского политехнического университета, академик РАЕН
|f 1936-
|g Степан Львович
|2 stltpush
|3 (RuTPU)RU\TPU\pers\25914
|
| 701 |
|
1 |
|a Адилов
|b В. Б.
|4 070
|
| 701 |
|
1 |
|a Лян
|b Д.
|4 070
|
| 801 |
|
1 |
|a RU
|b 63413507
|c 20071016
|g PSBO
|
| 801 |
|
2 |
|a RU
|b 63413507
|c 20100412
|g PSBO
|
| 942 |
|
|
|c BK
|